[Event "Innsbruck op-B 3rd"]
[Site "Innsbruck"]
[Date "2019.08.30"]
[Round "8"]
[White "Nixdorf, Andre"]
[Black "Groiss, Werner"]
[Result "1-0"]
[WhiteElo "1936"]
[BlackElo "1807"]
[PlyCount "69"]
[EventDate "2019.08.25"]
[EventType "swiss"]
[EventRounds "9"]
[EventCountry "AUT"]
[SourceTitle "EXT 2020"]
[Source "ChessBase"]
[SourceDate "2019.10.17"]
[SourceVersion "1"]
[SourceVersionDate "2019.10.17"]
[SourceQuality "1"]

1. d4 f5 2. Nf3 Nf6 3. c4 e6 4. Nc3 d5 5. Bg5 Be7 6. e3 0-0 7. Bd3 c6 8. 0-0 Na6 9. a3 Nc7 10. Qc2 Ne4 11. Bxe7 Qxe7 12. Ne2 Bd7 13. Ne5 Nd6 14. c5 Nf7 15. b4 Nxe5 16. dxe5 a5 17. Nd4 axb4 18. axb4 Nb5 19. Bxb5 cxb5 20. Qd3 Rxa1 21. Rxa1 Qe8 22. f4 g5 23. Ra5 Qc8 24. Ra7 Qb8 25. Qa3 gxf4 26. exf4 Rc8 27. Qa5 Kf7 28. Qb6 Rc7 29. Ra3 Qc8 30. Rh3 Qa8 31. Nb3 Qa2 32. Qxc7 Qb1+ 33. Kf2 Qb2+ 34. Kg3 Kg6 35. Qxb7 1-0

[Event "Lueneburg op-A"]
[Site "Lueneburg"]
[Date "2016.07.04"]
[Round "5"]
[White "Moenster, Madita"]
[Black "Nixdorf, Andre"]
[Result "0-1"]
[WhiteElo "1846"]
[BlackElo "1970"]
[PlyCount "92"]
[EventDate "2016.07.01"]
[EventType "swiss"]
[EventRounds "9"]
[EventCountry "GER"]
[SourceTitle "CBM 173 Extra"]
[Source "ChessBase"]
[SourceDate "2016.08.29"]
[SourceVersion "1"]
[SourceVersionDate "2016.08.29"]
[SourceQuality "1"]

1. e4 e5 2. Nf3 Nc6 3. Bb5 a6 4. Ba4 Nf6 5. 0-0 Be7 6. Re1 b5 7. Bb3 d6 8. c3 0-0 9. h3 Na5 10. Bc2 c5 11. d4 Qc7 12. Nbd2 cxd4 13. cxd4 Rd8 14. Nf1 Be6 15. d5 Bd7 16. Ne3 Rdc8 17. Bd2 Nb7 18. Rc1 Qd8 19. Qe2 Nc5 20. Nd1 a5 21. b3 Qb6 22. Nb2 Qb7 23. Nh2 b4 24. Nc4 Bb5 25. Rb1 Qa6 26. Rec1 Rc7 27. Nf1 Rac8 28. Be1 Nfd7 29. Nfd2 Nb6 30. Rb2 Nca4 31. bxa4 Bxc4 32. Nxc4 Qxc4 33. Qxc4 Nxc4 34. Rbb1 Na3 35. Rb2 Bg5 36. Rd1 Rxc2 37. Rxc2 Rxc2 38. Ra1 Rc1 39. Rxc1 Bxc1 40. f3 Be3+ 41. Kf1 Nc4 42. g4 Nb6 43. Bh4 g5 44. Bg3 Nxa4 45. h4 h6 46. h5 Nc3 0-1

[Event "Heusenstamm Schloss op 1st"]
[Site "Heusenstamm"]
[Date "2014.11.20"]
[Round "1"]
[White "Fitzke, Tobias"]
[Black "Nixdorf, Andre"]
[Result "0-1"]
[WhiteElo "959"]
[BlackElo "1977"]
[PlyCount "40"]
[EventDate "2014.11.20"]
[EventType "swiss"]
[EventRounds "7"]
[EventCountry "GER"]
[SourceTitle "CBM 163 Extra"]
[Source "ChessBase"]
[SourceDate "2014.12.23"]
[SourceVersion "1"]
[SourceVersionDate "2014.12.23"]
[SourceQuality "1"]

1. e4 c5 2. Nf3 d6 3. d4 cxd4 4. Nxd4 Nf6 5. Nc3 a6 6. Bc4 e6 7. Bg5 Be7 8. 0-0 0-0 9. Qf3 Qc7 10. Bd3 Nbd7 11. Qg3 b5 12. Bh6 Ne8 13. Nce2 Kh8 14. Bf4 e5 15. Bg5 Bxg5 16. Qxg5 exd4 17. Nxd4 Nc5 18. Qh5 Nf6 19. Qg5 Nfxe4 20. Nf5 Nxg5 0-1

[Event "Kiel op-A 27th"]
[Site "Kiel"]
[Date "2014.08.02"]
[Round "1"]
[White "Turner, Matthew"]
[Black "Nixdorf, Andre"]
[Result "1-0"]
[WhiteElo "2483"]
[BlackElo "1964"]
[PlyCount "51"]
[EventDate "2014.08.02"]
[EventType "swiss"]
[EventRounds "9"]
[EventCountry "GER"]
[SourceTitle "CBM 161 Extra"]
[Source "ChessBase"]
[SourceDate "2014.08.29"]
[SourceVersion "1"]
[SourceVersionDate "2014.08.29"]
[SourceQuality "1"]

1. c4 c6 2. Nf3 d5 3. g3 Nf6 4. Bg2 Bf5 5. cxd5 cxd5 6. Qb3 Qc8 7. Nc3 e6 8. d3 Nc6 9. Bf4 Be7 10. 0-0 0-0 11. Rac1 Qd7 12. Ne5 Nxe5 13. Bxe5 Ng4 14. Bf4 g5 15. Bd2 Ne5 16. e4 dxe4 17. dxe4 Bg6 18. Be3 Nc6 19. Rfd1 Qc8 20. Nd5 exd5 21. exd5 Rd8 22. dxc6 Rxd1+ 23. Qxd1 bxc6 24. Rxc6 Qd8 25. Qc1 Rb8 26. Bxa7 1-0

[Event "Hofheim Spring op-B 2nd"]
[Site "Hofheim"]
[Date "2014.04.26"]
[Round "8"]
[White "Nixdorf, Andre"]
[Black "Eg, Karlheinz"]
[Result "1-0"]
[WhiteElo "1978"]
[BlackElo "1912"]
[PlyCount "43"]
[EventDate "2014.04.22"]
[EventType "swiss"]
[EventRounds "9"]
[EventCountry "GER"]
[SourceTitle "CBM 160 Extra"]
[Source "ChessBase"]
[SourceDate "2014.07.01"]
[SourceVersion "1"]
[SourceVersionDate "2014.07.01"]
[SourceQuality "1"]

1. e4 e5 2. Nf3 Nc6 3. Bb5 a6 4. Ba4 Nf6 5. 0-0 Be7 6. Re1 b5 7. Bb3 0-0 8. h3 d6 9. c3 Na5 10. Bc2 c5 11. d4 Qc7 12. Nbd2 Rd8 13. b3 cxd4 14. cxd4 Nc6 15. Bb2 Nb4 16. Bb1 exd4 17. Nxd4 g6 18. Qf3 Nd7 19. Rc1 Qb7 20. a3 Ne5 21. Qc3 a5 22. axb4 1-0

[Event "Harburg-chC 8th"]
[Site "Hamburg"]
[Date "2010.08.22"]
[Round "4"]
[White "Krause, Jonah"]
[Black "Nixdorf, Andre"]
[Result "1/2-1/2"]
[WhiteElo "1812"]
[BlackElo "2054"]
[PlyCount "51"]
[EventDate "2010.08.20"]
[EventType "tourn"]
[EventRounds "5"]
[EventCountry "GER"]
[SourceTitle "EXT 2012"]
[Source "ChessBase"]
[SourceDate "2011.11.24"]
[SourceVersion "1"]
[SourceVersionDate "2011.11.24"]
[SourceQuality "1"]

1. d4 d5 2. c4 c6 3. Nf3 Nf6 4. Nc3 e6 5. Qc2 dxc4 6. a4 Bb4 7. e4 Qa5 8. Bd2 b5 9. Be2 Bb7 10. 0-0 Qb6 11. e5 Nfd7 12. Nxb5 Be7 13. Nc3 c5 14. a5 Qc6 15. Bxc4 cxd4 16. Bb5 Qc7 17. Nxd4 Qxe5 18. Nde2 a6 19. Bf4 Qc5 20. Ba4 0-0 21. Rfd1 Nf6 22. b4 Qc8 23. Qb3 Rd8 24. Rxd8+ Qxd8 25. Rd1 Qc8 26. Rc1 1/2-1/2

[Event "Harburg-chC 8th"]
[Site "Hamburg"]
[Date "2010.08.21"]
[Round "3"]
[White "Nixdorf, Andre"]
[Black "Albers, Andreas"]
[Result "1-0"]
[WhiteElo "2054"]
[BlackElo "1957"]
[PlyCount "91"]
[EventDate "2010.08.20"]
[EventType "tourn"]
[EventRounds "5"]
[EventCountry "GER"]
[SourceTitle "EXT 2012"]
[Source "ChessBase"]
[SourceDate "2011.11.24"]
[SourceVersion "1"]
[SourceVersionDate "2011.11.24"]
[SourceQuality "1"]

1. e4 e6 2. d4 d5 3. Nc3 Bb4 4. e5 c5 5. a3 Bxc3+ 6. bxc3 Qa5 7. Bd2 Qa4 8. Qg4 Kf8 9. Qd1 Nc6 10. Nf3 Nge7 11. Qb1 a6 12. Qb2 f6 13. exf6 gxf6 14. Be2 Rg8 15. Kf1 Nf5 16. Rd1 c4 17. Bf4 b5 18. Rg1 Ke7 19. g4 Nd6 20. g5 fxg5 21. Bxg5+ Kd7 22. Bf4 Bb7 23. Re1 Rxg1+ 24. Nxg1 Rf8 25. Bg3 Ne4 26. Bg4 Bc8 27. f3 Nxg3+ 28. hxg3 Kd6 29. Kg2 Rg8 30. Ne2 Qa5 31. Rh1 Qc7 32. Qc1 Qf7 33. Qe3 Bd7 34. Rh6 Nd8 35. Qe5+ Kc6 36. Nf4 Rxg4 37. fxg4 Qg8 38. Qxd5+ Kc7 39. Qe5+ Kb7 40. Qh5 Bc6+ 41. Kh3 Be4 42. Rf6 Bf3 43. Kh4 Bd1 44. Nxe6 Kc8 45. Qc5+ Kd7 46. Qc7+ 1-0

[Event "Schleswig Holstein-ch M 63rd"]
[Site "Gross Groenau"]
[Date "2008.03.21"]
[Round "7"]
[White "Krueger, Wolfgang"]
[Black "Nixdorf, Andre"]
[Result "1-0"]
[WhiteElo "2195"]
[BlackElo "1874"]
[PlyCount "79"]
[EventDate "2008.03.15"]
[EventType "swiss"]
[EventRounds "9"]
[EventCountry "GER"]
[SourceTitle "EXT 2010"]
[Source "ChessBase"]
[SourceDate "2010.11.25"]
[SourceVersion "1"]
[SourceVersionDate "2010.11.25"]
[SourceQuality "1"]

1. Nf3 Nf6 2. c4 g6 3. g3 Bg7 4. Bg2 0-0 5. 0-0 d5 6. cxd5 Nxd5 7. d4 Nc6 8. e4 Nb6 9. d5 Na5 10. Nc3 c6 11. dxc6 bxc6 12. Qc2 Ba6 13. Rd1 Qc8 14. b3 Qb7 15. Be3 Rad8 16. Rac1 Rd7 17. Rxd7 Qxd7 18. Rd1 Qc8 19. Bc5 Re8 20. h4 Nb7 21. Bd4 e5 22. Be3 Rd8 23. Rd2 Rd7 24. Bxb6 Rxd2 25. Nxd2 axb6 26. Nd5 Qd7 27. Qxc6 Qxc6 28. Ne7+ Kf8 29. Nxc6 Nd6 30. g4 Bb7 31. Nb4 f6 32. Nc4 Nc8 33. Kf1 Kf7 34. Ke2 Bf8 35. Nd3 Ke6 36. g5 Be7 37. Bh3+ f5 38. exf5+ gxf5 39. Ncxe5 Ba6 40. Nc6 1-0